000 00164nam a22000857a 4500
082 _a823
100 _aWILLIAM SHAKESPEARE
245 _aRABINDRANATH TAGORE
942 _cBK
999 _c8382
_d8382